[Event "ENCI Limburg-open C"]
[Site "Maastricht"]
[Date "2009.05.29"]
[Round "1"]
[White "Erin, Igor"]
[Black "Van Herck, Rob"]
[Result "1-0"]
[WhiteElo "1728"]
[BlackElo "1535"]
[EventDate "2009.05.29"]
[PlyCount "71"]
[EventType "swiss"]
[EventRounds "7"]
[EventCountry "NED"]
[Source "P.Boonen"]
[SourceDate "2010.01.01"]

1.g3 Nc6 2.Bg2 d6 3.d3 g6 4.Nf3 Bg7 5.O-O Nf6 6.c4 O-O 7.Nc3 Nd7 8.Rb1 
Nde5 9.Nxe5 Nxe5 10.Bd2 Rb8 11.Qb3 Bf5 12.e4 Be6 13.Nd5 b5 14.Qc2 c6 15.
Nf4 bxc4 16.d4 Nd3 17.Nxe6 fxe6 18.Qxc4 Nxb2 19.Qxe6+ Kh8 20.Bc3 Na4 21.
Ba1 Nb6 22.Rfd1 Qc7 23.e5 d5 24.Rbc1 Nc4 25.Bf1 Bh6 26.f4 Ne3 27.Rxc6 Qa5 
28.Ra6 Qb4 29.a3 Qb3 30.Rd3 Qb1 31.Rxe3 Qxa1 32.Qxd5 Rb1 33.Rf3 g5 34.Rxa7
gxf4 35.Qe4 Rf7 36.e6 1-0

[Event "ENCI Limburg-open C"]
[Site "Maastricht"]
[Date "2009.05.30"]
[Round "2"]
[White "Frijns, Raoul"]
[Black "Erin, Igor"]
[Result "1/2-1/2"]
[WhiteElo "1632"]
[BlackElo "1728"]
[EventDate "2009.05.29"]
[PlyCount "47"]
[EventType "swiss"]
[EventRounds "7"]
[EventCountry "NED"]
[Source "P.Boonen"]
[SourceDate "2010.01.01"]

1.d4 g6 2.Nf3 Bg7 3.Bf4 d6 4.e3 Nf6 5.Bc4 O-O 6.Nc3 d5 7.Bd3 c6 8.O-O b5 
9.a3 Na6 10.Ne5 Qe8 11.Qe2 Nh5 12.a4 Nxf4 13.exf4 Nb4 14.axb5 Nxd3 15.Qxd3
Bf5 16.Qe2 cxb5 17.Nxb5 Bxe5 18.fxe5 Qb8 19.b3 Bxc2 20.Nxa7 Qxb3 21.Nc6 e6
22.Rxa8 Rxa8 23.Qd2 Qc4 24.Nb4 1/2-1/2

[Event "ENCI Limburg-open C"]
[Site "Maastricht"]
[Date "2009.05.30"]
[Round "3"]
[White "Erin, Igor"]
[Black "Gundogmus, Alaettin"]
[Result "1-0"]
[WhiteElo "1728"]
[BlackElo "1541"]
[EventDate "2009.05.29"]
[PlyCount "58"]
[EventType "swiss"]
[EventRounds "7"]
[EventCountry "NED"]
[Source "P.Boonen"]
[SourceDate "2010.01.01"]

1.g3 e5 2.Bg2 Nc6 3.d3 Nf6 4.Nf3 Bb4+ 5.c3 Ba5 6.b4 Bb6 7.b5 Ne7 8.Nxe5 d6
9.Nc4 Rb8 10.Nxb6 axb6 11.Nd2 Bd7 12.c4 d5 13.Nf3 h6 14.Bb2 Ng6 15.O-O Be6
16.Qc2 O-O 17.Nd4 Ne7 18.Nxe6 fxe6 19.cxd5 exd5 20.Be5 Rc8 21.Bh3 Nd7 22.
Be6+ Kh8 23.Bb2 c5 24.Qd2 d4 25.e3 Rf6 26.Bh3 Rd6 27.exd4 cxd4 28.Qf4 Qc7 
29.Rac1 Nc5 1-0

[Event "ENCI Limburg-open C"]
[Site "Maastricht"]
[Date "2009.05.31"]
[Round "4"]
[White "Lenders, Raoul"]
[Black "Erin, Igor"]
[Result "1-0"]
[WhiteElo "1652"]
[BlackElo "1728"]
[EventDate "2009.05.29"]
[PlyCount "101"]
[EventType "swiss"]
[EventRounds "7"]
[EventCountry "NED"]
[Source "P.Boonen"]
[SourceDate "2010.01.01"]

1.e4 g6 2.d4 Bg7 3.c4 d6 4.Nc3 Nf6 5.Nf3 O-O 6.Be2 c5 7.d5 e6 8.O-O exd5 
9.exd5 Re8 10.Bd3 a6 11.h3 Nfd7 12.Qc2 Ne5 13.Nxe5 Rxe5 14.Bf4 Re8 15.Rfe1
Be5 16.Bxe5 dxe5 17.Re3 f5 18.Rae1 Nd7 19.Bxf5 gxf5 20.Rg3+ Kh8 21.Qxf5 
Qf6 22.Qh5 Re7 23.Ne4 Qf8 24.Ree3 Rg7 25.Ref3 Qe7 26.Rg5 b5 27.Rgf5 Kg8 
28.Nd6 Bb7 29.Nxb7 Rf8 30.Rxf8+ Nxf8 31.Qf5 Ng6 32.Qc8+ Nf8 33.Qf5 Ng6 34.
Qc8+ Nf8 35.cxb5 axb5 36.Nxc5 Rf7 37.Rg3+ Kh8 38.Qc6 Ng6 39.Qxb5 Qf6 40.
Rf3 Nf4 41.Qf1 Qd6 42.Ne6 Qxd5 43.Nxf4 exf4 44.b3 Qe4 45.Qd3 Qa8 46.a4 Rg7
47.g3 h5 48.Rxf4 Qc6 49.Rf8+ Rg8 50.Qd4+ Kh7 51.Rf7+ 1-0

[Event "ENCI Limburg-open C"]
[Site "Maastricht"]
[Date "2009.05.31"]
[Round "5"]
[White "Erin, Igor"]
[Black "Schueller, Tobias"]
[Result "0-1"]
[WhiteElo "1728"]
[BlackElo "1597"]
[EventDate "2009.05.29"]
[PlyCount "121"]
[EventType "swiss"]
[EventRounds "7"]
[EventCountry "NED"]
[Source "P.Boonen"]
[SourceDate "2010.01.01"]

1.g3 g6 2.Bg2 Bg7 3.d3 d5 4.Nf3 Nf6 5.O-O O-O 6.c3 Re8 7.Na3 c5 8.Bf4 Nc6 
9.d4 cxd4 10.cxd4 Nh5 11.Be3 e6 12.Nb5 Qb6 13.Nd6 Rd8 14.Nxc8 Raxc8 15.b3 
Rd7 16.g4 Nf6 17.Ne5 Rdc7 18.Qd2 Qa6 19.h3 Nxe5 20.dxe5 Nd7 21.f4 Rc2 22.
Qd3 Rxe2 23.Qxa6 bxa6 24.Bxa7 Rcc2 25.Bf3 Red2 26.Rf2 Rxf2 27.Bxf2 g5 28.
Bd1 Rc6 29.Be3 gxf4 30.Bxf4 Bxe5 31.Bxe5 Nxe5 32.Be2 a5 33.a3 Rc3 34.b4 
axb4 35.axb4 Rxh3 36.Rb1 Ra3 37.b5 Ra8 38.Kf2 Rb8 39.Ke3 Nd7 40.Kd4 Kg7 
41.Bd3 h6 42.Ra1 Kf6 43.Be2 Rb6 44.Rf1+ Ke7 45.Rh1 Rd6 46.Ra1 e5+ 47.Kc3 
d4+ 48.Kc4 e4 49.Ra6 d3 50.Bf1 Nb6+ 51.Kc5 e3 52.Bxd3 Rxd3 53.Kxb6 e2 54.
Ra7+ Rd7 55.Ra1 Rd1 56.Ra7+ Kf6 57.Ra6 Rd6+ 58.Kb7 Rxa6 59.bxa6 e1=Q 60.a7
Qe7+ 61.Kb8 0-1

[Event "ENCI Limburg-open C"]
[Site "Maastricht"]
[Date "2009.06.01"]
[Round "6"]
[White "Marcoen, Tom"]
[Black "Erin, Igor"]
[Result "0-1"]
[WhiteElo "1488"]
[BlackElo "1728"]
[EventDate "2009.05.29"]
[PlyCount "76"]
[EventType "swiss"]
[EventRounds "7"]
[EventCountry "NED"]
[Source "P.Boonen"]
[SourceDate "2010.01.01"]

1.e4 g6 2.d4 Bg7 3.Be3 c5 4.Nc3 Qa5 5.Ne2 Nf6 6.f3 cxd4 7.Nxd4 O-O 8.Bc4 
Nc6 9.Bb3 d6 10.Qd2 Bd7 11.O-O-O a6 12.Kb1 Rac8 13.Nxc6 bxc6 14.Bh6 c5 15.
Bxg7 Kxg7 16.Bc4 Rb8 17.Nd5 Qxd2 18.Rxd2 Nxd5 19.Bxd5 Rb6 20.Re1 Rfb8 21.
c3 a5 22.e5 e6 23.Bc4 d5 24.Bf1 Bc6 25.f4 c4 26.Ree2 a4 27.a3 Rb3 28.Ka2 
R3b7 29.g4 h6 30.h4 Rd8 31.Rd4 Re7 32.Bg2 f6 33.exf6+ Kxf6 34.Re5 Rb8 35.
Rd2 Rg7 36.Rde2 Bd7 37.f5 gxf5 38.gxf5 Rxg2 0-1

[Event "ENCI Limburg-open C"]
[Site "Maastricht"]
[Date "2009.06.01"]
[Round "7"]
[White "Erin, Igor"]
[Black "Kerssemakers, Frans"]
[Result "1-0"]
[WhiteElo "1728"]
[BlackElo "1609"]
[EventDate "2009.05.29"]
[PlyCount "63"]
[EventType "swiss"]
[EventRounds "7"]
[EventCountry "NED"]
[Source "P.Boonen"]
[SourceDate "2010.01.01"]

1.g3 d5 2.Bg2 c6 3.d3 Nf6 4.Nf3 h6 5.O-O Bf5 6.c4 e6 7.cxd5 exd5 8.Nd4 Bg6
9.Nc3 Bc5 10.Nf3 Nbd7 11.a3 O-O 12.b4 Bb6 13.Na4 Re8 14.Bb2 Ng4 15.Nxb6 
Nxb6 16.a4 Qe7 17.h3 Nf6 18.a5 Nbd7 19.a6 Qxb4 20.Bxf6 Nxf6 21.Rb1 Qa5 22.
axb7 Rab8 23.Qb3 Nd7 24.Nd4 Nc5 25.Qc2 Nxb7 26.Nxc6 Qc7 27.Rfc1 Rbc8 28.
Bxd5 Nd6 29.e4 Kf8 30.Qd2 Qd7 31.Qf4 f6 32.Nxa7 1-0